| 000 -LEADER |
| fixed length control field |
00761nam a22001937a 4500 |
| 001 - CONTROL NUMBER |
| control field |
6275 |
| 003 - CONTROL NUMBER IDENTIFIER |
| control field |
BD-DhUAP |
| 005 - DATE AND TIME OF LATEST TRANSACTION |
| control field |
20201115120002.0 |
| 008 - FIXED-LENGTH DATA ELEMENTS--GENERAL INFORMATION |
| fixed length control field |
201115r20001999bg ||||| |||| 001 0 ben d |
| 020 ## - INTERNATIONAL STANDARD BOOK NUMBER |
| International Standard Book Number |
9844581788 |
| 040 ## - CATALOGING SOURCE |
| Original cataloging agency |
BD-DhUAP |
| Language of cataloging |
Ben |
| Transcribing agency |
BD-DhUAP |
| Modifying agency |
BD-DhUAP |
| 082 ## - DEWEY DECIMAL CLASSIFICATION NUMBER |
| Edition number |
23 |
| Classification number |
954.92 RAH |
| 100 ## - MAIN ENTRY--PERSONAL NAME |
| Personal name |
রহমান, মো. মাহবুবর। |
| 245 ## - TITLE STATEMENT |
| Title |
বাংলাদেশের ইতিহাস : |
| Remainder of title |
১৯৪৭-৭১ / |
| Statement of responsibility, etc. |
মো. মাহবুবর রহমান। |
| 260 ## - PUBLICATION, DISTRIBUTION, ETC. |
| Place of publication, distribution, etc. |
ঢাকা : |
| Name of publisher, distributor, etc. |
সময় প্রকাশন, |
| Date of publication, distribution, etc. |
c১৯৯৯ [মুদ্রণ ২০০০]। |
| 300 ## - PHYSICAL DESCRIPTION |
| Extent |
৩৩০ পৃষ্ঠা : |
| Other physical details |
চিত্র ; |
| Dimensions |
২২ সেমি.। |
| 651 ## - SUBJECT ADDED ENTRY--GEOGRAPHIC NAME |
| Geographic name |
Bangladesh |
| Form subdivision |
History. |
| 942 ## - ADDED ENTRY ELEMENTS (KOHA) |
| Source of classification or shelving scheme |
|
| Koha item type |
Book |